El quiebre de la democracia en Chile
Zapisane w:
| 1. autor: | |
|---|---|
| Format: | Książka |
| Język: | hiszpański |
| Wydane: |
Santiago, Chile:
Flacso,
1989
|
| Wydanie: | Segunda edición |
| Hasła przedmiotowe: | |
| Etykiety: |
Dodaj etykietę
Nie ma etykietki, Dołącz pierwszą etykiete!
|
MARC
| LEADER | 00000nam a2200000 a 4500 | ||
|---|---|---|---|
| 001 | UCT8165 | ||
| 003 | CL-VaPUC | ||
| 005 | 20250423160734.0 | ||
| 008 | 970318e19890000CL |||||||||||||||||spa|d | ||
| 999 | |c 256693 |d 256691 | ||
| 040 | |c Pontificia Universidad Católica de Valparaíso | ||
| 082 | 0 | 4 | |a 321.8 VAL 1989 |2 21 |
| 100 | 1 | |a Valenzuela, Arturo |e autor |9 896811 | |
| 245 | 1 | 3 | |a El quiebre de la democracia en Chile |
| 250 | |a Segunda edición | ||
| 260 | |a Santiago, Chile: |b Flacso, |c 1989 | ||
| 300 | |a 322 páginas | ||
| 583 | |a last modification |c 20131001 01:34:56 |k Rodrigo Vera | ||
| 650 | 0 | |a Democracia |z Chile |9 896805 | |
| 650 | 7 | |a Sistemas políticos |9 896813 | |
| 650 | 0 | |a Historia política chilena |9 460791 | |
| 650 | 0 | |a Constitución política de Chile |9 890575 | |
| 650 | 0 | |a Historia de Chile |x Golpe de Estado |y 1973 |9 888182 | |
| 852 | |a BIBCUR | ||
| 942 | |c BK |2 ddc | ||
| 945 | |d 19970318 00:00:00 |a rbrito | ||
| 952 | |0 0 |1 0 |2 ddc |4 0 |6 321_800000000000000_VAL_1989 |7 0 |8 A |9 279557 |a BIBHIS |b BIBHIS |d 2019-11-19 |i 1339338 |l 1 |o 321.8 VAL 1989 |p 1339338 |r 2025-04-28 |s 2025-04-28 |t 1 |w 2019-11-19 |y BK |k HIS | ||